The Abhidhana Sangraha (Record no. 1370890)

MARC details
000 -LEADER
fixed length control field 00777nam a2200301Ia 4500
008 - FIXED-LENGTH DATA ELEMENTS--GENERAL INFORMATION
fixed length control field 160321s9999||||xx |||||||||||||| ||und||
040 ## - CATALOGING SOURCE
Transcribing agency Sanskrit
082 ## - DEWEY DECIMAL CLASSIFICATION NUMBER
Classification number XVA
082 ## - DEWEY DECIMAL CLASSIFICATION NUMBER
Item number BORI-84120
100 ## - MAIN ENTRY--PERSONAL NAME
Personal name "Pandit Durgaprasad, Pandit Shiv Adatta"
245 #4 - TITLE STATEMENT
Title The Abhidhana Sangraha
260 ## - PUBLICATION, DISTRIBUTION, ETC. (IMPRINT)
Place of publication, distribution, etc Bombay
260 ## - PUBLICATION, DISTRIBUTION, ETC. (IMPRINT)
Name of publisher, distributor, etc The Nirnaya_Sagara Press
260 ## - PUBLICATION, DISTRIBUTION, ETC. (IMPRINT)
Date of publication, distribution, etc 1889
300 ## - PHYSICAL DESCRIPTION
Extent 4+52+38+12+4+2
300 ## - PHYSICAL DESCRIPTION
Dimensions C
300 ## - PHYSICAL DESCRIPTION
Accompanying material Hardbound
530 ## - ADDITIONAL PHYSICAL FORM AVAILABLE NOTE
Availability source Joshi
530 ## - ADDITIONAL PHYSICAL FORM AVAILABLE NOTE
Uniform Resource Identifier <a href="00079388.pdf">00079388.pdf</a>
563 ## - BINDING INFORMATION
Binding note Reference
600 ## - SUBJECT ADDED ENTRY--PERSONAL NAME
Personal name "Pandit Durgaprasad, Pandit Shiv Adatta"
630 ## - SUBJECT ADDED ENTRY--UNIFORM TITLE
Uniform title The Abhidhana Sangraha
650 ## - SUBJECT ADDED ENTRY--TOPICAL TERM
Topical term or geographic name as entry element Kosa
650 ## - SUBJECT ADDED ENTRY--TOPICAL TERM
Topical term or geographic name as entry element Reference
700 ## - ADDED ENTRY--PERSONAL NAME
Personal name "Pandit Durgaprasad, Pandit Shiv Adatta"
730 ## - ADDED ENTRY--UNIFORM TITLE
Uniform title The Abhidhana Sangraha
942 ## - ADDED ENTRY ELEMENTS (KOHA)
Koha item type Book
Holdings
Withdrawn status Lost status Damaged status Not for loan Home library Current library Date acquired Total Checkouts Full call number Barcode Date last seen Price effective from Koha item type
        Bhandarkar Oriental Research Institute, Pune Bhandarkar Oriental Research Institute, Pune     BORI-84120 BORI-84120 03/21/2016 03/21/2016 Book